Các nhân tố ảnh hưởng đến hành vi quản trị lợi nhuận của các doanh nghiệp niêm yết thuộc nhóm ngành chăm sóc sức khỏe và ngành hàng tiêu dùng thiết yếu tại Việt Nam : Luận văn Thạc sĩ - Chuyên ngành: Kế toán

Spremljeno u:
Bibliografski detalji
Glavni autori:  Các nhân tố ảnh hưởng đến hành vi quản trị lợi nhuận của các doanh nghiệp niêm yết thuộc nhóm ngành chăm sóc sức khỏe và ngành hàng tiêu dùng thiết yếu tại Việt Nam : Luận văn Thạc sĩ - Chuyên ngành: Kế toán,  Vũ, Hải Anh
Format: Luận văn
Jezik:Undetermined
Izdano:  Đại học Công nghiệp TP. Hồ Chí Minh  2023
Teme:
Oznake: Dodaj oznaku
Bez oznaka, Budi prvi tko označuje ovaj zapis!
Thư viện lưu trữ: Trung tâm Thư viện - Trường Đại học Công nghiệp TP. Hồ Chí Minh
LEADER 01115nam a2200157Ia 4500
001 UIH_08447
008 241002s9999 xx 000 0 und d
082 |a  658.1511 
100 |a  Các nhân tố ảnh hưởng đến hành vi quản trị lợi nhuận của các doanh nghiệp niêm yết thuộc nhóm ngành chăm sóc sức khỏe và ngành hàng tiêu dùng thiết yếu tại Việt Nam : Luận văn Thạc sĩ - Chuyên ngành: Kế toán 
100 |a  Vũ, Hải Anh 
245 0 |a  Các nhân tố ảnh hưởng đến hành vi quản trị lợi nhuận của các doanh nghiệp niêm yết thuộc nhóm ngành chăm sóc sức khỏe và ngành hàng tiêu dùng thiết yếu tại Việt Nam : Luận văn Thạc sĩ - Chuyên ngành: Kế toán 
260 |b  Đại học Công nghiệp TP. Hồ Chí Minh 
260 |c  2023 
650 |a Kế toán quản trị 
927 |a Luận văn 
980 |a Trung tâm Thư viện - Trường Đại học Công nghiệp TP. Hồ Chí Minh